000 00693nam a22002417a 4500
005 20131029104056.0
008 860825s1985 gw a b 000 0 ger
020 _a3593361299
041 0 _ager
080 _a304
100 1 _aLadmiral, Jean-Rene
245 0 0 _aInterkulturelle Kommunikation :
_cZur Dynamik mehrsprachiger gruppen
260 _aFrankfurt :
_bCampus Verlag ;
_c2000.
300 _a296 p. :
_c21 cm.
500 _aVorwort : f. 11-16
504 _aIncludes bibliography.
650 0 _aKomunikimi interkultural
650 0 _2Shkenca shoqërore
650 0 _2Komunikimi
700 1 _aLipiansky, Edmond Marc
830 0 _aKommunikation und Institution ;
942 _2udc
_cBK
999 _c207
_d207